Metalografia Zápisky z prednášok

Bibliographic Details
Main Author: Čabelka, Jozef, 1910-1987 (Author)
Format: Book
Language:Slovak
PhysicalDescription:227 s. 29 cm 59 s. tb., [7] voľ. obr. príl.
Published: B.m. b.v. 1944

MARC

LEADER 00000nam a2200000 a 4500
001 vtls001141060
003 SK-MaSNL
005 20260302031347.0
008 250414s1944 xo 0 slo
035 |a SNK000083913 
040 |a SNK  |b slo  |c SNK  |e AACR2 
041 0 |a slo 
044 |a xo  |c SK 
080 |a 620.18(075.8)  |2 1981 
100 1 |a Čabelka, Jozef,  |d 1910-1987  |4 aut  |9 37264 
245 1 0 |a Metalografia  |b Zápisky z prednášok  |c Jozef Čabelka 
260 |a B.m.  |b b.v.  |c 1944 
300 |a 227 s.  |c 29 cm  |e 59 s. tb., [7] voľ. obr. príl. 
500 |a Rozmn. 
852 |a Slovenská národná knižnica 
954 |a metalografia 
958 |a OND 
999 |c 1052012  |d 1053942 
952 |a SNK  |b SNK  |y PREZ  |7 0  |p 17A0805076  |o snkSB 50845  |i snkD 370/93  |8 1  |0 0  |1 0  |4 0  |d 2012-11-20  |f 1  |l 0  |r 2026-02-24 15:00:24  |w 2026-02-24 
952 |t 7 voľ. listov  |a SNK  |b SNK  |y PREZ  |7 0  |p 17A1021129  |o snkSB 50845/príl.1  |i snkD 370/93  |8 1  |0 0  |1 0  |4 0  |d 2012-11-20  |f 1  |l 0  |r 2026-02-24 15:00:24  |w 2026-02-24 
952 |t 59 s. tab.  |a SNK  |b SNK  |y PREZ  |7 0  |p 17A1053598  |o snkSB 50845/príl.2  |i snkD 370/93  |8 1  |0 0  |1 0  |4 0  |d 2012-11-20  |l 0  |r 2026-02-24 15:00:24  |w 2026-02-24